1596 1407 1382 1854 1357 1087 1761 1734 1158 1879 1316 1373 1772 1633 1039 1036 1595 1177 1194 1232 1749 1204 1405 1088 1109 1730 1607 1776 1185 1274 1874 1862 1756 1445 1070 1502 1997 1329 1643 1966 1383 1176 1799 1369 1361 1209 1955 1703 1109 1660 1825 2000 1867 1223 1745 1261 1884 1119 1390 1667 1132 1987 1947 1797 1837 1236 1618 1483 1564 1995 1895 1438 1694 1461 1045 1836 1004 1265 1511 1007 1519 1009 1480 1622 1198 1354 1873 1873 1349 1651 1461 1573 1307 1416 1900 1165 1669 1556 1667 BCNSPRNW ULIB Ver.6.0+V

เปลี่ยนเป็นภาษาไทย

Change to English
 แสดงรายละเอียดบรรณานุกรม
  กลับหน้าหลัก

Brief Record : Get Marc (ISO 2709) : E-mail record : QR code < ปิดหน้าต่าง
LEADER : 00000nam 2200000uu 4500
001    13399120010
003     ULIB
008    110622s2550||||th 000 0 tha d
020    9749333586
020    9789749333587
060 04 QT225^bซ319ค
100 1  ทาร์กอส, ซินดี้
245 10 เคล็ดลับออกกำลังกายให้มีหน้าอกสวย =^bYour Best Bust /^cเขียนโดย ซินดี้ ทาร์กอส ; บรรณาธิการ วาริน นิลศิริสุข
246 31 Your Best Bust
250    พิมพ์ครั้งที่ 1
260    กรุงเทพฯ :^bBear Publishing,^c2550
300    135 หน้า :^bภาพประกอบ ;^c21 ซม.
650  7 กายบริหาร
650  7 การออกกำลังกาย
650  7 หน้าอก
700 0  วาริน นิลศิริสุข,^eบรรณาธิการ
945    ^p135^l0^i14316
995    ทศพร
999 ^a ใช้งานได้ทุกระบบ
รายการนี้ยังไม่มีแท็ก
คุณยังไม่ได้ล็อกอิน คุณสามารถมีกิจกรรมร่วมกับเว็บไซต์ได้ แต่ต้องล็อกอินก่อน ::
  ล็อกอิน

รายการสื่อสารสนเทศ

ลำดับที่ ประเภท เลขเรียก/บาร์โค้ด สถานที่ สถานะ
- ไม่พบข้อมูล -

รายการใกล้เคียง
    ผู้แต่ง [ทาร์กอส, ซินดี้]

    หัวเรื่อง [กายบริหาร]
    หัวเรื่อง [การออกกำลังกาย]
    หัวเรื่อง [หน้าอก]

BibComment


ยังไม่เคยถูกคอมเมนท์

คอมเมนท์ทรัพยากรรายการนี้
  คอมเมนท์: เคล็ดลับออกกำลังก..


 Copyright 2026. Bcnsprnw @Library